000 01044nam a2200277Ia 4500
003 OSt
005 20221005111216.0
006 a|||||r|||| 00| 0
007 ta
008 221004b |||||||| |||| 00| 0 ben d
020 _a9789350009741 (hbk)
_c65
024 _a21318
037 _b518A, 21/03/2015, Vani Prakashan
_cTextual
040 _aCRL
_cCRL
_bben
041 _2ben
_aben
082 _aO157,3N26,CN, 152Q2
100 _aमहाश्वेता देवी
245 0 _aछह नम्बर जेठू
246 _aChhah nambar jeṭhū
260 _aनई दिल्ली
_bवाणी प्रकाशन भारत
_c2012
300 _a32पृ0
_ccm.
650 _aबंगाली साहित्य
700 _a गुप्ता, सुशील, अनु.
942 _hO157,3N26,CN, 152Q2
_cTEXL
_2cc
999 _c1021158
_d1021158